00226nam a22000977a 4500008004100000041000800041080000800049100000700057101000800064245005600072190201b xxu||||| |||| 00| 0 eng d aeng a321 a19 aSHP aThe Political Economy of Urban PovertycSackrey, Ch